| 000 | 02496nam a22002417a 4500 | ||
|---|---|---|---|
| 999 |
_c62110 _d62110 |
||
| 003 | Ge_BSU | ||
| 005 | 20240712135319.0 | ||
| 008 | 240712s2023 ge ||||| |||| 00| 0 geo d | ||
| 020 | _a9789941856433 | ||
| 041 | _ageo | ||
| 080 | _a616.314-089(038)პ-19 | ||
| 245 |
_aპაროდონტოლოგიურ-იმპლანტოლოგიური ტერმინების ინგლისურ-ქართული განმარტებითი ლექსიკონი / _cსარედაქციო საბჭო: ქეთევან გოგილაშვილი, თეა ნაცვლიშვილი და სხვ. |
||
| 264 |
_aთბილისი: _bგ.გ. _c2023. |
||
| 300 |
_a269 გვ:. _b20სმ. |
||
| 504 | _aბიბლიოგრაფ.გვ:250-269 | ||
| 653 | _aსტომატოლოია | ||
| 653 | _aმედიცინა | ||
| 653 | _aინგლისურ-ქართული განმარტებითი ლექსიკონი სრულად მოიცავს პაროდონტოლოგიისა და დენტალური იმპლანტოლოგიის მიმართულებებს, რითაც მნიშვნელოვან დახმარებას გაუწევს დარგის სპეციალისტებს, სტუდენტებსა და მკვლევარებს. ლექსიკონში წარმოდგენილია 1400-მდე ტერმინისა და ფრაზის ანბანური კატალოგი. აღნიშნული ტერმინები ყოველდღიურ გამოყენებაშია როგორც კლინიკურ პრაქტიკაში, ისე საგანმანათლებლო სივრცეში. | ||
| 700 |
_aგოგილაშვილი, ქეთევან _eსარედაქციო საბჭო _922817 |
||
| 700 |
_aნაცვლიშვილი, თეა _eსარედაქციო საბჭო _910193 |
||
| 710 |
_a საქართველოს პაროდონტოლოგიისა და იმპლანტოლოგიის საზოგადოების სარედაქციო ჯგუფი _922818 |
||
| 942 |
_2udc _cᲬᲘᲒᲜᲘ |
||